000 00849nam a22002651u 4500
001 06097
003 HDC
007 cr bn ---
008 210122p xx fo d 00 engg
040 _aHDC
100 _aMarco Tieman
_9655
245 0 _aHalal Logistics /
_cby Marco Tieman
260 _a[No place] :
_b[publisher not identified],
_c2008
300 _a22 pages :
_bIllustrations
336 _atext
_2rdacontent
337 _acomputer
_2rdamedia
338 _aonline resource
_2rdacarrier
650 _aHalal industry
_9144
650 _aHalal logistics
_9143
650 _aHalal practices
_96400
856 _zRequest full-text at [email protected]
942 _2lcc
942 _cSLIDE
942 _kSLID 000697
999 _c3421
_d3421